Quel pays suis-je ? #1 - Statistiques

Statistiques générales
  • Ce quiz a été pris 193 fois
  • Le résultat moyen est 7 sur 13
Statistiques - réponses
Description Pays % Correct
Le seul pays ayant subi un bombardement atomique Japon
95%
Pays ayant participé au plus grand nombre de finales de coupe du monde de football Allemagne
84%
Pays ayant le plus de porte-avions Etats-Unis
80%
Pays au plus grand nombre de lacs Canada
73%
Pays d'Afrique le plus peuplé Nigéria
73%
Le pays de Kandinsky et de Gogol Russie
66%
Pays à la plus faible densité de population Mongolie
52%
Pays d'Afrique du nord dont la reconnaissance fait débat Sahara occidental
48%
Pays au plus fort taux de natalité (estimations d'une dizaine d'années) Niger
28%
Le dernier pays à être devenu membre de l'ONU Soudan du sud
26%
Pays produisant le plus de pommes de terre Chine
22%
Pays ayant connu la plus haute température naturelle au monde Libye
14%
Pays au dirigeant le plus âgé du monde (93 ans) Malaisie
2%
Aucun quiz correspondant
Distribution des résultats
% des personnes avec chaque résultat
Percentile par nombre de réponses
Votre historique - résultats
Vous n’avez pas pris ce quiz